LEADER 00863nam0 2200241 450 001 000015677 005 20080829120824.0 100 $a20080829d1977----km-y0itay50------ba 101 0 $aita 102 $aIT 105 $ay-------001yy 200 1 $a<>squilibri regionali nella Comunità economica europea$easpetti economici e giuridici$fCosmo Giacomo Sallustio 210 $aMilano$cA. Giuffrè$d1977 215 $aVI, 176 p.$d26 cm 610 1 $aComunità economica europea$aPolitica regionale 610 1 $aPaesi della Comunità economica europea$aPolitica economica 676 $a382.914$v19 700 1$aSallustio,$bCosmo Giacomo$0267616 801 0$aIT$bUNIPARTHENOPE$c20080829$gRICA$2UNIMARC 912 $a000015677 951 $a382.914/100$b20511$cNAVA1$d2008 996 $aSquilibri regionali nella Comunita economica europea$9691373 997 $aUNIPARTHENOPE